00932cam a2200253 a 450000100100000000500170001000800410002704000250006804100130009308200170010610000370012324000270016024501040018726000310029130000270032253400350034965000320038465000250041665000310044170000350047270000360050795201200054399900150066300000212920200929145837.0770806s1968 sp a 000 0 spa  aDO-SdBNPbspacBNPHU17aenghspa a612.6bS413c1 aSchweinitz, Karl de,d18879682410aGrowing up.lEspañol10aCómo nacemos /cKarl de Schweinitz ; prólogo, P. F. Raurell ; traducción, José M. Valverde. aBarcelona :bAriel,c1968. a63 p. :bil. ;c22 cm. pTítulo original:tGrowing up 4aReproducción humana92377 4aReproducción96825 4aSexo en el matrimonio98041 aRaurell, P. F.,epról.968261 aValverde, José M.,etr.96827 001052708MOaGRbGRcHDd2009-08-09iLF1l0o612.6 S413cp2129-10r2020-06-25w2020-06-25y2ZPréstamo interno c1981d1981